| 000 | 01030cam a2200277 a 4500 | ||
|---|---|---|---|
| 001 | 15026367 | ||
| 005 | 20180112065045.0 | ||
| 008 | 070928s2007 nyuaf b 001 0 eng | ||
| 010 | _a 2007040287 | ||
| 020 | _a9780743280754 (alk. paper) | ||
| 020 | _a074328075X (alk. paper) | ||
| 035 | _a(OCoLC)ocn173748598 | ||
| 035 |
_a(OCoLC)173748598 _z(OCoLC)153578751 |
||
| 040 |
_aDLC _cDLC _dBAKER _dYDXCP _dBTCTA _dJED _dC#P _dVP@ _dDLC |
||
| 041 | _aeng | ||
| 043 | _an-us--- | ||
| 080 | _a973.931092 CRA | ||
| 082 | 0 | 0 |
_a973.931092 CRA _222 |
| 100 | 1 | _a20 | |
| 101 | _aPOL | ||
| 245 | 1 | 4 |
_aThe fall of the house of Bush : _cCraig Unger. |
| 504 | _aIncludes bibliographical references (p. 407-416) and index. | ||
| 906 |
_a7 _bcbc _corignew _d1 _eecip _f20 _gy-gencatlg |
||
| 942 |
_2ddc _cBK |
||
| 999 |
_c40204 _d40204 |
||